00720nam a22002417a 45000010005000000030006000050050017000110080041000280200018000690400029000870500012001160820010001281000022001382450044001602600036002043000049002405050008002895200085002975210019003825210020004016000031004216100026004523056FISKH20250815162457.0240201b cb ||||| |||| 00| 0 eng d a9780590273619 aFISKHbengcFISKHdFISKH aSF490.3 a428.6 aMartin, Mary Jane aWhat's inside? /cby Martin, Mary Jane  aNew York : bScholastic ,c1994 a16 pages : bcolor illustrations ;c24 cm .  aC  aPhotographs and text encourage the reader in identifying animals and their eggs.8 a90 bLexile 8 aC bRaz-Plus  2baby animals vnon-fiction 2hatchingvnon-fiction